[Event "ROM-ch U12"]
[Site "Calimanesti"]
[Date "2014.04.12"]
[Round "8"]
[White "Varga, Emilian"]
[Black "Paun, Eduard Andrei"]
[Result "1-0"]
[WhiteElo "1403"]
[BlackElo "1126"]
[PlyCount "75"]
[EventDate "2014.04.06"]
[EventType "swiss"]
[EventRounds "9"]
[EventCountry "ROU"]
[SourceTitle "CBM 160 Extra"]
[Source "ChessBase"]
[SourceDate "2014.07.01"]
[SourceVersion "1"]
[SourceVersionDate "2014.07.01"]
[SourceQuality "1"]

1. e4 e5 2. Nf3 Nc6 3. d4 exd4 4. Nxd4 Nxd4 5. Qxd4 d6 6. Bc4 Nf6 7. Bg5 Be7 8. Nc3 0-0 9. 0-0 Be6 10. Bxe6 fxe6 11. Qc4 Qd7 12. Nb5 c6 13. Nc3 Kh8 14. Qd3 Ng4 15. Bxe7 Qxe7 16. f3 Ne5 17. Qe2 Rf4 18. Qd2 Raf8 19. Ne2 R4f7 20. Ng3 Ng6 21. Rad1 d5 22. exd5 exd5 23. c3 Qc5+ 24. Qd4 Qxd4+ 25. Rxd4 Re8 26. Rd2 Nf4 27. b3 g6 28. h3 Rfe7 29. Kf2 h5 30. h4 Kg7 31. Rc1 Kh6 32. c4 Rd8 33. cxd5 Rxd5 34. Rxd5 cxd5 35. Rd1 g5 36. Nf5+ Kg6 37. Nxe7+ Kf7 38. Nxd5 1-0

[Event "ROM-ch U12"]
[Site "Calimanesti"]
[Date "2014.04.07"]
[Round "2"]
[White "Necsoiu Toader, Alexandru"]
[Black "Paun, Eduard Andrei"]
[Result "1-0"]
[WhiteElo "1001"]
[BlackElo "1126"]
[PlyCount "55"]
[EventDate "2014.04.06"]
[EventType "swiss"]
[EventRounds "9"]
[EventCountry "ROU"]
[SourceTitle "CBM 160 Extra"]
[Source "ChessBase"]
[SourceDate "2014.07.01"]
[SourceVersion "1"]
[SourceVersionDate "2014.07.01"]
[SourceQuality "1"]

1. d4 d5 2. c4 dxc4 3. Nf3 e6 4. Nc3 Bd6 5. a4 Nf6 6. e3 b6 7. Bxc4 Bb7 8. 0-0 0-0 9. Bd2 Ng4 10. h3 Bxf3 11. Qxf3 Nh2 12. Qxa8 Qg5 13. f4 Qg3 14. Ne4 Qg6 15. Kxh2 c6 16. Nxd6 Qc2 17. Bb4 Qxb2 18. Ba3 Qd2 19. Ne4 Qxe3 20. Bxf8 Nd7 21. Qxc6 Nxf8 22. Nd6 Qxd4 23. Rad1 Qe3 24. Qe8 h6 25. Qxf7+ Kh7 26. Qxf8 e5 27. fxe5 Qxe5+ 28. Kh1 1-0